[Event "X Open B"]
[Site "Bergamo ITA"]
[Date "2011.07.17"]
[Round "6"]
[White "Gilardi, Davide"]
[Black "Corbellini, Nicola"]
[Result "1/2-1/2"]
[WhiteElo "1959"]
[BlackElo "1897"]
[PlyCount "48"]
[EventDate "2011.07.15"]

1. d4 d5 2. c4 e6 3. Nc3 Nf6 4. cxd5 exd5 5. Bg5 Nbd7 6. e3 Be7 7. Bd3 c6 8.
Nge2 O-O 9. O-O Ne4 10. Bf4 Ndf6 11. Qc2 Nxc3 12. bxc3 Re8 13. Be5 h6 14. f3
Be6 15. Rab1 Qd7 16. a4 b6 17. Ng3 Red8 18. Nf5 c5 19. dxc5 bxc5 20. Nxe7+ Qxe7
21. Ba6 Bc8 22. Bxf6 Qxf6 23. Bxc8 Raxc8 24. Qd3 d4 1/2-1/2

[Event "X Open B"]
[Site "Bergamo ITA"]
[Date "2011.07.17"]
[Round "6"]
[White "Riboldi, Raffaele"]
[Black "Loi, Andrea"]
[Result "0-1"]
[WhiteElo "1893"]
[BlackElo "1956"]
[PlyCount "70"]
[EventDate "2011.07.15"]

1. d4 d6 2. c4 e5 3. d5 f5 4. Nc3 Nf6 5. Bg5 Be7 6. Qd2 Nxd5 7. Bxe7 Nxe7 8.
O-O-O Nd7 9. e4 Nc5 10. Nf3 Nc6 11. exf5 Bxf5 12. Nd5 Ne6 13. h3 O-O 14. Ne3
Be4 15. Bd3 Bxd3 16. Qxd3 Ncd4 17. Nc2 Nc5 18. Qe3 Nxf3 19. gxf3 Qf6 20. b4 Ne6
21. Rd3 Qf4 22. Rc3 Qxe3+ 23. Rxe3 b6 24. Rg1 Rf4 25. Rc3 Raf8 26. Rg3 Rh4 27.
Ne3 Nd4 28. Ng2 Ne2+ 29. Kd2 Nxg3 30. Nxh4 Nh5 31. Ng2 Nf4 32. Nxf4 Rxf4 33.
Ke3 Kf7 34. b5 Ke6 35. a3 Rh4 0-1